000
00316nam a22001337a 4500
020
_a
978-93-8023543-1
041
_a
ENG
100
_a
Mandhyan.B.L
245
_a
Food Process Engineering And Technology
260
_a
New Delhi
_b
New india Publishing
_c
2011
300
_a
360
650
_a
APE
856
_u
APE ( 3 )
999
_c
2504
_d
2504